000 00465nam a2200181Ia 4500
001 21212
005 20260306172902.0
008 260306t2013||||xx |||||||||||||| ||spa||
041 _aESP
082 _a344.2
_bP59
100 _aPinedo Sandoval, Carlos
_eAUT
245 0 _aImputación objetiva:
_bintroducción a sus conceptos elementales
260 _c2013
300 _a126 páginas :
_c24 cm.
650 _aGEN
654 _aCDE
942 _cLIB
_dJUS
_fJUS
_2ddc
_n
999 _c21212
_d21212